000 00326nam a2200157Ia 4500
100 _aLange/N.A
650 _aChemistry
942 _cBK
654 _aHandbook
245 _aHandbook of Chemistry
260 _bHandbook Publishers
_aOhio
_c1949
082 _a540
_bLAN
300 _a1920
546 _aENGLISH
999 _c23854
_d23854